[Event "90th LSK Metalka Trgovina"]
[Site "Ljubljana SLO"]
[Date "2002.01.20"]
[Round "2"]
[White "Volokitin,A"]
[Black "Farago,I"]
[Result "1/2-1/2"]
[WhiteElo "2586"]
[BlackElo "2500"]

1.e4 e6 2.d4 d5 3.Nc3 Bb4 4.e5 Ne7 5.a3 Bxc3+ 6.bxc3 c5 7.Qg4 O-O 8.Bd3 f5
9.exf6 Rxf6 10.Bg5 Rf7 11.Qh5 g6 12.Qd1 Nbc6 13.Nf3 Qc7 14.O-O c4 15.Be2 Nf5
16.Qd2 Nd6 17.Bh6 Ne4 18.Qe3 Bd7 19.Bxc4 Ne7 20.Bd3 Nf5 21.Qc1 Nxh6 22.Qxh6 Qxc3
23.Ne5 Rxf2 24.Qe3 Bc6 25.Rxf2 Qxa1+ 26.Rf1 Qxa3 27.Qh3 Re8 28.Kh1  1/2-1/2

[Event "GMB"]
[Site "Bermuda BER"]
[Date "2002.01.22"]
[Round "2"]
[White "De Vreugt,D"]
[Black "Kallio,H"]
[Result "1-0"]
[WhiteElo "2446"]
[BlackElo "2522"]

1.e4 e6 2.d4 d5 3.Nc3 Bb4 4.e5 b6 5.a3 Bf8 6.h4 Qd7 7.h5 h6 8.f4 c5 9.Nf3 Ne7
10.Be3 Nf5 11.Bf2 Nc6 12.Bb5 a6 13.Bd3 cxd4 14.Na4 Rb8 15.Bxf5 b5 16.Nb6 Rxb6
17.Bh3 Qc7 18.O-O Be7 19.Nxd4 Nxd4 20.Bxd4 Rc6 21.c3 Bc5 22.Bg4 O-O 23.Be2 f6
24.Bxc5 Rxc5 25.exf6 Rxf6 26.Qd4 Bd7 27.Rae1 Qd6 28.Bd3 Rc8 29.Re5 a5 30.f5 Qc6
31.fxe6 Rxf1+ 32.Bxf1 Bxe6 33.Bxb5 Qxb5 34.Rxe6 Rf8 35.Re7 Rf6 36.Kh2 Kh8
37.Qe5 Qf1 38.Re8+ Rf8 39.Rxf8+ Qxf8 40.b4 a4 41.Qxd5 Qf4+ 42.g3 Qf2+ 43.Qg2 Qf5
44.Qe2  1-0

[Event "Kaissa Open"]
[Site "Kharkov UKR"]
[Date "2002.01.22"]
[Round "1"]
[White "Kovalenko,N"]
[Black "Nosenko,A"]
[Result "0-1"]
[WhiteElo "2172"]
[BlackElo "2458"]

1.e4 e6 2.d4 d5 3.Nc3 Bb4 4.e5 b6 5.h4 Qd7 6.h5 h6 7.Rh3 Ne7 8.Qg4 Nf5 9.Bd3 Rg8
10.Ne2 Ba6 11.Bxa6 Nxa6 12.Qf4 O-O-O 13.g4 Ne7 14.a3 Bxc3+ 15.Nxc3 Rgf8 16.Be3 f6
17.O-O-O Nb8 18.Qh2 fxe5 19.dxe5 Kb7 20.f4 Qe8 21.Qg2 Nbc6 22.Ne2 Na5 23.Nd4 Nec6
24.Kb1 Nxd4 25.Rxd4 c5 26.Rd1 Nc6 27.Bc1 Nd4 28.Be3 Nc6 29.Bc1 Rf7 30.Rhh1 a5
31.Rhe1 Re7 32.Qf3 a4 33.Qd3 Na5 34.Ka2 Nc4 35.b3 axb3+ 36.cxb3 Na5 37.Bd2 Nc6
38.Be3 Ra8 39.Kb2 Na5 40.f5 c4 41.Qd4 Qb5 42.Qxb6+ Qxb6 43.Bxb6 Kxb6 44.b4 Nc6
45.fxe6 d4  0-1

[Event "TSGM January"]
[Site "Novi Sad YUG"]
[Date "2002.01.28"]
[Round "10"]
[White "Fontaine,R"]
[Black "Deglmann,L"]
[Result "1-0"]
[WhiteElo "2469"]
[BlackElo "2279"]

1.e4 e6 2.d4 d5 3.Nc3 Bb4 4.e5 Ne7 5.Bd2 b6 6.Nf3 Qd7 7.h4 h6 8.Ne2 Bxd2+
9.Qxd2 Ba6 10.c3 c5 11.g3 Nbc6 12.Nf4 Bxf1 13.Kxf1 cxd4 14.cxd4 Na5 15.Nh5 Rg8
16.Kg2 O-O-O 17.Rhc1+ Kb7 18.Qd3 Rc8 19.b3 a6 20.Rxc8 Qxc8 21.Qd2 Qd8 22.Rc1 Nec6
23.Qf4 Qe7 24.Rc3 Nb8 25.a3 Nac6 26.b4 g5 27.hxg5 hxg5 28.Qg4 Nd7 29.Rc1 f5
30.exf6 Nxf6 31.Nxf6 Qxf6 32.Re1 Qf5 33.Qxf5 exf5 34.Re6 g4 35.Ne5 Nxd4 36.Re7+ Kc8
37.Ra7 Rd8 38.a4 Kb8 39.Rxa6 Kb7 40.b5 Re8 41.Nd3 Nb3 42.Kf1 Nd2+ 43.Kg2 Nb3
44.Kf1 d4 45.Kg2 Rc8 46.Kf1 Rc3 47.Ke2 Rc2+ 48.Ke1 Rc3 49.Ke2 Rxd3 50.Kxd3 Nc5+
51.Kxd4 Nxa6 52.bxa6+ Kxa6 53.Ke5 Ka5 54.Kxf5 Kxa4 55.Kxg4 b5 56.f4 b4 57.f5 b3
58.f6 b2 59.f7 b1=Q 60.f8=Q Qg6+ 61.Kf4 Qd3 62.Qe8+ Ka5 63.Qe5+ Ka6 64.g4 Qd2+
65.Kf5 Qd3+ 66.Qe4 Qh3 67.Kg6 Kb5 68.g5 Qh8 69.Kf7 Qh2 70.Qb7+ Kc5 71.Qe7+  1-0

[Event "XVIII Open"]
[Site "Cappelle la Grande FRA"]
[Date "2002.02.09"]
[Round "1"]
[White "Baklan,V"]
[Black "Kononenko,T"]
[Result "1-0"]
[WhiteElo "2609"]
[BlackElo "2371"]

1.e4 e6 2.d4 d5 3.Nc3 Bb4 4.e5 Ne7 5.a3 Bxc3+ 6.bxc3 c5 7.Qg4 Qc7 8.Qxg7 Rg8
9.Qxh7 cxd4 10.Ne2 dxc3 11.f4 Nbc6 12.Qd3 Bd7 13.Rb1 Rc8 14.h4 Nf5 15.h5 a6
16.h6 Rh8 17.h7 Na5 18.Nd4 Qc4 19.Nxf5 exf5 20.Rb6 Qxd3 21.Bxd3 Rc6 22.Be3 Rxb6
23.Bxb6 Nc6 24.Bc5 Be6 25.Kf2 Ne7 26.Ke3 Nc6 27.Rh5 Ne7 28.Kd4 Ng6 29.g3 Nf8
30.Kxc3 Nd7 31.Bd6 f6 32.exf6 Kf7 33.Rh6 d4+ 34.Kxd4 Nf8 35.Bxf8 Kxf8 36.Ke5 Kf7
37.Bxf5  1-0

[Event "13th Asian Cities"]
[Site "Aden YEM"]
[Date "2002.02.13"]
[Round "9"]
[White "Al Sayed,Mohamad"]
[Black "Barsov,A"]
[Result "1/2-1/2"]
[WhiteElo "2413"]
[BlackElo "2527"]

1.e4 e6 2.d4 d5 3.Nc3 Bb4 4.e5 Ne7 5.Bd2 b6 6.f4 Qd7 7.Nf3 a5 8.Nb5 Bxd2+
9.Qxd2 a4 10.Qc3 Kd8 11.Ng5 Ng6 12.f5 exf5 13.O-O-O Qe7 14.h4 h6 15.Nf3 Be6
16.Kb1 Qd7 17.Qe3 Nc6 18.Nc3 a3 19.b3 Nce7 20.h5 Nf8 21.Bd3 Kc8 22.Ne2 Kb8
23.Rdf1 Nh7 24.Ng3 Rc8 25.Nh4 c5 26.Nhxf5 Nxf5 27.Bxf5 Ng5 28.dxc5 bxc5 29.Rh4 Ra7
30.Rhf4 Qe7 31.Bxe6 fxe6 32.c4 d4 33.Qe1 Qc7 34.Rf8 Rxf8 35.Rxf8+ Kb7 36.Kc2 Qc6
37.Qe2 Ra8 38.Rf2 Rd8 39.Kd3 Qc7 40.Ne4 Qa5 41.Qd2 Qxd2+ 42.Nxd2 Kb6 43.Ne4 Nxe4
44.Kxe4 d3 45.Rd2 Rd4+ 46.Ke3 Rg4 47.Kxd3 Ka5 48.Kc3 Rg3+ 49.Rd3 Rxg2 50.Rd2 Rg5
51.Rd7 Rxe5 52.Ra7+ Kb6 53.Rxg7 Rxh5 54.Rg6 Rh3+ 55.Kd2 Rh2+ 56.Kd3 h5 57.Rxe6+ Kb7
58.Re7+ Kc6 59.Re6+ Kd7 60.Rh6 h4 61.Kc3 Rh3+ 62.Kc2 Rh1 63.b4 cxb4 64.Kb3 Rb1+
65.Ka4 b3 66.Kxa3 bxa2 67.Kxa2 Rh1  1/2-1/2

[Event "Petrov Mem Open"]
[Site "St Petersburg RUS"]
[Date "2002.02.20"]
[Round "9"]
[White "Shaposhnikov,E"]
[Black "Slavina,I"]
[Result "1-0"]
[WhiteElo "2523"]
[BlackElo "2358"]

1.e4 e6 2.d4 d5 3.Nc3 Bb4 4.e5 b6 5.Qg4 Bf8 6.Nf3 Ba6 7.Bxa6 Nxa6 8.O-O Qd7
9.Bd2 Ne7 10.b3 Nf5 11.Ne2 c5 12.dxc5 bxc5 13.c4 h5 14.Qf4 Be7 15.Rad1 d4
16.Ng3 g6 17.Ne4 Rc8 18.h3 h4 19.Kh2 Qc7 20.g4 Nh6 21.Nf6+ Bxf6 22.Qxf6 Kd7
23.Bxh6 Rxh6 24.Qxf7+ Kc6 25.Qxe6+ Kb7 26.a3 Rf8 27.Ng5 Rf4 28.Qd5+ Qc6 29.Ne6 Qxd5
30.cxd5 Rf3 31.Rb1 Rh8 32.Kg2 Rc3 33.Rfc1 Rxc1 34.Rxc1 Kb6 35.f4 Kb5 36.Kf3 Rc8
37.Nxd4+  1-0

[Event "9th Open Metalis"]
[Site "Bizovac CRO"]
[Date "2002.02.23"]
[Round "6"]
[White "Fercec,N"]
[Black "Farago,I"]
[Result "1/2-1/2"]
[WhiteElo "2438"]
[BlackElo "2500"]

1.e4 e6 2.d4 d5 3.Nc3 Bb4 4.e5 Ne7 5.a3 Bxc3+ 6.bxc3 c5 7.Qg4 Qc7 8.Bd3 c4
9.Be2 O-O 10.f4 Nbc6 11.Nf3 Bd7 12.O-O b5 13.Bd2 a5 14.Qh3 Rab8 15.Rab1 f5
16.Kh1  1/2-1/2

[Event "8th Hotel Opatija"]
[Site "Kastav CRO"]
[Date "2002.02.26"]
[Round "8"]
[White "Gombac,Jan"]
[Black "Glavas,D"]
[Result "1/2-1/2"]
[WhiteElo "2225"]
[BlackElo "2291"]

1.e4 e6 2.d4 d5 3.Nc3 Bb4 4.e5 Ne7 5.a3 Bxc3+ 6.bxc3 c5 7.a4 Nbc6 8.Nf3 Qa5
9.Bd2 Bd7 10.Be2 c4 11.Ng5 h6 12.Nh3 O-O-O 13.f4 Kb8 14.O-O f5 15.exf6 gxf6
16.Bg4 f5 17.Bh5 Nc8 18.Qe2 Nd6 19.Nf2 Rdf8 20.Kh1 Kc7 21.Rab1 Be8 22.Bf3 Ne4
23.Bxe4 fxe4 24.Qg4 Bd7 25.Qg7 b6 26.f5 Rhg8 27.Qh7 Rh8 28.Qg7 Rfg8 29.Qf6 Rf8
30.Qg7 Rfg8 31.Qf6 Rf8  1/2-1/2

[Event "Jersey Open"]
[Site "St Helier JCI"]
[Date "2002.02.28"]
[Round "5"]
[White "Fulton,AJ"]
[Black "Hawes,J"]
[Result "1/2-1/2"]
[WhiteElo "2224"]
[BlackElo "2139"]

1.e4 e6 2.d4 d5 3.Nc3 Bb4 4.e5 b6 5.Qg4 Bf8 6.Bb5+ c6 7.Ba4 a5 8.a3 Ne7 9.Nf3 Ba6
10.Be3 Qd7 11.Nd2 Nf5 12.Ne2 h5 13.Qf3 Be7 14.c3 Bxe2 15.Qxe2 b5 16.Bc2 Na6
17.O-O Nc7 18.b4 a4 19.f4 g6  1/2-1/2

[Event "TCh-AUT 2001-2"]
[Site "Dornbirn AUT"]
[Date "2002.03.08"]
[Round "9"]
[White "Polzin,R"]
[Black "Tischbierek,R"]
[Result "1-0"]
[WhiteElo "2462"]
[BlackElo "2505"]

1.e4 e6 2.d4 d5 3.Nc3 Bb4 4.e5 b6 5.a3 Bf8 6.Nf3 Ne7 7.b4 c6 8.Bd3 Ba6 9.b5 Bxb5
10.Nxb5 cxb5 11.Bxb5+ Nec6 12.h4 a6 13.Bd3 Nd7 14.Qe2 b5 15.c3 Qc7 16.Bd2 Nb6
17.Ng5 Nc4 18.Nxh7 Bxa3 19.Bxc4 bxc4 20.Qh5 Bb2 21.Ra2 O-O-O 22.Rxb2 g6 23.Qd1 Rxh7
24.Qa4 Kd7 25.Bg5 Rb8 26.Rxb8 Qxb8 27.O-O a5 28.Bf6 Qb3 29.Qa1 g5 30.Rb1 Qc2
31.Bxg5 Rh8 32.Rb2 Qd3 33.Qa3 Rc8 34.Rb7+ Ke8 35.Re7+  1-0

[Event "ch-RUS Boys U20"]
[Site "Vladimir RUS"]
[Date "2002.03.08"]
[Round "7"]
[White "Smirnov,P"]
[Black "Kim,A"]
[Result "1-0"]
[WhiteElo "2510"]
[BlackElo "2414"]

1.e4 e6 2.d4 d5 3.Nc3 Bb4 4.e5 Ne7 5.a3 Bxc3+ 6.bxc3 c5 7.Qg4 O-O 8.Bd3 Qa5
9.Bd2 Nbc6 10.Nf3 f5 11.exf6 Rxf6 12.Qh5 Nf5 13.c4 Qa4 14.cxd5 Ncxd4 15.Ng5 h6
16.Ne4 Rf8 17.O-O b6 18.Nc3 Qe8 19.Qxe8 Rxe8 20.Rfe1 Bb7 21.dxe6 Nh4 22.f3 c4
23.Be4 Bxe4 24.Rxe4 Nhf5 25.Rd1 Rxe6 26.Bf4 g5 27.Bc7 Rc8 28.Nd5 Rc6 29.Be5 Rd8
30.Rexd4 Nxd4 31.Rxd4 Kf7 32.Ne3 Rxd4 33.Bxd4 a6 34.Kf2 b5 35.g3 a5 36.Bc3 Ra6
37.f4 gxf4 38.gxf4 Kg6 39.f5+ Kf7 40.Kf3 Ra8 41.Ng4 h5 42.Ne5+ Kf8 43.f6 b4
44.axb4 a4 45.b5 a3 46.b6  1-0

[Event "Anibal Open"]
[Site "Linares ESP"]
[Date "2002.03.09"]
[Round "9"]
[White "Wohl,A"]
[Black "Potkin,V"]
[Result "1-0"]
[WhiteElo "2395"]
[BlackElo "2481"]

1.e4 e6 2.d4 d5 3.Nc3 Bb4 4.e5 Ne7 5.Nf3 c5 6.dxc5 Nbc6 7.Bd3 Bxc5 8.Qe2 Ng6
9.h4 f6 10.exf6 gxf6 11.Bh6 Kf7 12.O-O-O Bd7 13.h5 Nge5 14.Nxe5+ Nxe5 15.f4 Nxd3+
16.Qxd3 Bd6 17.f5 Be5 18.Nxd5 exf5 19.Qb3 Be6 20.Qxb7+ Qd7 21.Qxd7+ Bxd7
22.Nxf6 Kxf6 23.Rxd7 Rhg8 24.Rxh7 Rxg2 25.Be3 Rc8 26.Rh6+ Kf7 27.Rf1 Rcxc2+
28.Kd1 Rxb2 29.Rxf5+ Kg7 30.Rc6 Rh2 31.Bh6+ Kh7 32.Rxe5 Rb1+  1-0

[Event "Anibal Open"]
[Site "Linares ESP"]
[Date "2002.03.09"]
[Round "9"]
[White "Rocha,S"]
[Black "Kallio,H"]
[Result "0-1"]
[WhiteElo "2387"]
[BlackElo "2522"]

1.e4 e6 2.d4 d5 3.Nc3 Bb4 4.e5 Qd7 5.Bd2 b6 6.Bb5 c6 7.Ba4 a5 8.a3 Bxc3 9.Bxc3 Ba6
10.Bd2 Bb5 11.Bxb5 cxb5 12.Qg4 Kf8 13.Nf3 Nc6 14.h4 Rc8 15.h5 h6 16.Rh3 Nge7
17.Nh4 Nf5 18.Nxf5 exf5 19.Qf4 Ne7 20.Rc1 Qe6 21.Kf1 Rc4 22.b3 Rc7 23.Kg1 Qc8
24.Kh2 Kg8 25.c3 Rc6 26.Rg1 g5 27.hxg6 Rxg6 28.Qf3 Kg7 29.Qd3 Qc6 30.Bf4 a4
31.bxa4 bxa4 32.Bg3 Qd7 33.Bh4 Rc8 34.Bf6+ Kg8 35.Rb1 Rc6 36.Rb4 Nc8 37.c4 dxc4
38.Qf3 b5 39.Rxb5 Rcxf6 40.Rb7 Qxd4 41.exf6 Nd6 42.Rd7 Qe5+ 43.g3 Ne4 44.Qe3 Rxf6
45.Rxh6 f4 46.Rd8+ Kg7 47.Rhh8 Rh6+ 48.Kg2 fxe3 49.Rdg8+ Kf6 50.Rxh6+ Ke7
51.fxe3 Nf6 52.Rc8 Qe4+  0-1

[Event "Ciocaltea Mem"]
[Site "Bucharest ROM"]
[Date "2002.03.12"]
[Round "9"]
[White "Djukic,Ni"]
[Black "Ionescu,Co"]
[Result "1-0"]
[WhiteElo "2383"]
[BlackElo "2481"]

1.e4 e6 2.d4 d5 3.Nc3 Bb4 4.e5 b6 5.Qg4 Bf8 6.Bb5+ c6 7.Ba4 a5 8.a3 Ba6 9.Nce2 Bb5
10.Bxb5 cxb5 11.Nf3 Nc6 12.O-O Qd7 13.b3 Nge7 14.Bd2 Ng6 15.Ng3 f5 16.exf6 gxf6
17.Rfe1 Kf7 18.Nh5 Bd6 19.c4 bxc4 20.bxc4 Nce7 21.Bg5 f5 22.Qh3 h6 23.Bxh6 Rxh6
24.Ng5+ Kg8 25.Nf6+ Kg7 26.Nxd7 Rxh3 27.Nxh3 dxc4 28.Nxb6 Ra6 29.Nxc4 Kf6
30.Rab1 Bc7 31.Rb5 a4 32.Ne5 Rd6 33.Nxg6 Nxg6 34.Rd1  1-0

[Event "Masters"]
[Site "Wroxham ENG"]
[Date "2002.03.12"]
[Round "5"]
[White "Arakhamia,K"]
[Black "Kelly,B"]
[Result "1/2-1/2"]
[WhiteElo "2410"]
[BlackElo "2445"]

1.e4 e6 2.d4 d5 3.Nc3 Bb4 4.e5 Ne7 5.a3 Bxc3+ 6.bxc3 c5 7.Nf3 b6 8.a4 Ba6
9.Bxa6 Nxa6 10.O-O Nb8 11.Qe2 Nd7 12.c4 dxc4 13.Qxc4 O-O 14.Ba3 h6 15.Qe2 Qc7
16.c4 Rfe8 17.Rad1 Nf5 18.Rfe1 Nxd4 19.Nxd4 cxd4 20.Rxd4 Rad8 21.Bd6 Qc6
22.h4 f5 23.exf6 Nxf6 24.Qd1 Rd7 25.Be5 Rf7 26.Re3 Nd7 27.Rd6 Qc8 28.Bb2 Nf8
29.Qd4 Qc7 30.Rg3 Ree7 31.Ba3 Rd7 32.h5 Rxd6 33.Bxd6 Qd7 34.c5 bxc5 35.Bxc5 Qxd4
36.Bxd4 Rd7 37.Be5 Nh7 38.f4 Kf8 39.Rb3 Nf6 40.Rb8+ Kf7 41.a5 Ng4 42.Kf1 g6
43.Bh8 gxh5 44.Ke2 Kg6 45.g3 Kf5 46.Rb5+ Rd5 47.Rxd5+ exd5 48.a6 Nf6 49.Bxf6 Kxf6
50.Ke3 Kf5 51.Kd4 h4 52.gxh4 h5 53.Kxd5 Kxf4 54.Kc6 Ke5 55.Kb7 Kd6 56.Kxa7  1/2-1/2

[Event "6th Neckar Open"]
[Site "Deizisau GER"]
[Date "2002.03.31"]
[Round "6"]
[White "Kountz,J"]
[Black "Farago,I"]
[Result "0-1"]
[WhiteElo "2359"]
[BlackElo "2500"]

1.e4 e6 2.d4 d5 3.Nc3 Bb4 4.e5 Ne7 5.a3 Bxc3+ 6.bxc3 c5 7.Qg4 Qc7 8.Bd3 c4
9.Be2 Nf5 10.Qh5 Qa5 11.Bd2 Nc6 12.g4 Nfe7 13.f4 Bd7 14.Nf3 h6 15.O-O Rf8
16.a4 O-O-O 17.Rf2 f5 18.exf6 Rxf6 19.Ne5 Nxd4 20.Bxc4 dxc4 21.cxd4 Qd5 22.Bb4 Bc6
23.Nxc6 Nxc6 24.Qxd5 Rxd5 25.Bc3 h5 26.h3 hxg4 27.hxg4 Nxd4 28.Re1 Rg6 29.g5 e5
30.Re4 Nc6 31.Rxc4 exf4 32.Rfxf4 Rdxg5+ 33.Kf2 Rg2+ 34.Kf3 R6g3+ 35.Ke4 Rxc2
36.Rf3 Rxf3 37.Kxf3 Kd7 38.Ke4 Ke6 39.Rc5 g5 40.a5 a6 41.Kd3 Rg2 42.Ke3 Rg4
43.Kd3 Nb4+ 44.Ke2 Nd5 45.Bd2 Rg2+ 46.Kd3 g4 47.Rc8 Rg3+ 48.Kd4 Ne7 49.Re8 Rf3
50.Ke4 Rf7 51.Rb8 Nd5 52.Rd8 Nf6+ 53.Kf4 Rd7 54.Rxd7 Kxd7 55.Kf5 Nd5 56.Kxg4 Kc6
57.Kf5 Kb5 58.Ke5 Nb4 59.Kd6 Nc6 60.Kc7 Nxa5  0-1

[Event "XI ch-MKD"]
[Site "Gevgelija MKD"]
[Date "2002.04.03"]
[Round "3"]
[White "Stojanovski,D"]
[Black "Jacimovic,D"]
[Result "1/2-1/2"]
[WhiteElo "2416"]
[BlackElo "2472"]

1.e4 e6 2.d4 d5 3.Nc3 Bb4 4.e5 b6 5.a3 Bf8 6.Bb5+ c6 7.Ba4 a5 8.Nce2 Ba6
9.Nf3 Bb5 10.Bb3 a4 11.Ba2 c5 12.O-O Ne7 13.c3 Ng6 14.Re1 Be7 15.g3 Nc6  1/2-1/2

[Event "XI ch-MKD"]
[Site "Gevgelija MKD"]
[Date "2002.04.05"]
[Round "5"]
[White "Mitkov,N"]
[Black "Jacimovic,D"]
[Result "1-0"]
[WhiteElo "2492"]
[BlackElo "2472"]

1.e4 e6 2.d4 d5 3.Nc3 Bb4 4.e5 b6 5.a3 Bf8 6.Nf3 Qd7 7.Bb5 c6 8.Ba4 Ne7 9.Ne2 Ba6
10.c3 Bb5 11.Bc2 c5 12.a4 Ba6 13.a5 Nec6 14.Be3 Qb7 15.axb6 axb6 16.O-O Nd7
17.Re1 Be7 18.Nf4 g6 19.h4 Bb5 20.Rxa8+ Qxa8 21.g3 Qa6 22.Kg2 Qa2 23.Bc1 cxd4
24.Nxd4 Nxd4 25.cxd4 Nb8 26.Ne2 Bb4 27.Nc3 Bxc3 28.bxc3 h5 29.Bg5 Nc6 30.Bb1 Qa6
31.Qf3 Rh7 32.Bc2 Kd7 33.Bf6 Kc7 34.Rb1 Bc4 35.Qd1 Qa3 36.Bb3 Na5 37.Bxc4 Nxc4
38.Ra1 Qxc3 39.Ra7+ Kb8 40.Qa4 Qd2 41.Ra8+ Kb7 42.Qa6+  1-0

[Event "Golden Cleopatra"]
[Site "Cairo EGY"]
[Date "2002.04.10"]
[Round "4"]
[White "Kamel,N"]
[Black "Georg,Ma"]
[Result "1/2-1/2"]
[WhiteElo "2144"]
[BlackElo "2315"]

1.d4 e6 2.e4 d5 3.Nc3 Bb4 4.e5 Qd7 5.Qg4 f5 6.Qh5+ g6 7.Qh3 b6 8.Bg5 Ba6
9.Ne2 h6 10.O-O-O Rh7 11.Be3 Qf7 12.g4 Bxc3 13.gxf5 Bxb2+ 14.Kxb2 gxf5 15.Rg1 Nc6
16.Nf4 Bxf1 17.Qxf1 Nge7 18.Qa6 Na5 19.Bd2 Nc4+ 20.Kc1 Kd7 21.Rg3 Rhh8 22.Qa4+ Kc8
23.Rdg1 Kb7 24.Qd7 Qe8 25.Qxe6 Nc6 26.Qxe8 Rhxe8 27.c3 Ne7 28.Rg7 Rg8 29.Rxg8 Rxg8
30.Rxg8 Nxg8 31.Nxd5 Kc6 32.Nf6 Nxf6 33.exf6 Kd7 34.Bxh6 Ke6 35.Bg5 c6 36.f3 Nd6
37.Kd2 b5 38.Kd3 a5 39.h4 Nf7 40.Ke3 Nd6 41.h5 Nc4+ 42.Kd3 Kf7 43.Bh4 Nb6
44.Bg5 Nc4 45.Ke2 Nb6 46.Ke3 Nd5+ 47.Kd3 Nb6 48.Kc2 Nc4 49.Kb3 Nb6 50.Bh4 Nc4
51.Kc2 Nd6 52.Kd3 Nc4 53.Bg5 Nb6 54.f4 Nc4 55.h6 Kg6 56.d5 c5 57.f7 Kxf7
58.Be7 Nb6 59.d6 Nd5 60.Bg5 Nb6 61.Kc2 a4 62.a3 Kg6 63.Kd3 Kh7 64.Kc2  1/2-1/2

[Event "6th Linklater Mem"]
[Site "San Francisco USA"]
[Date "2002.04.13"]
[Round "11"]
[White "Narayan,C"]
[Black "Nambiar,V"]
[Result "1/2-1/2"]
[WhiteElo "2266"]
[BlackElo "2203"]

1.e4 e6 2.d4 d5 3.Nc3 Bb4 4.e5 Qd7 5.Bd2 b6 6.a3 Bf8 7.b4 Ba6 8.b5 Bb7 9.f4 c5
10.Nf3 a6 11.a4 cxd4 12.Nxd4 Bc5 13.Be3 a5 14.Nce2 Ne7 15.g3 Nf5 16.Nxf5 exf5
17.Nd4 g6 18.Bg2 O-O 19.O-O Qe7 20.c3 Rc8 21.Qb3 Bxd4 22.Bxd4 Qe6 23.Rfd1 Nd7
24.Qa2 Nc5 25.c4 Ne4 26.cxd5 Bxd5 27.Qb2 Ra7 28.Rac1 Rac7 29.Rxc7 Rxc7 30.Be3 Rd7
31.Qc1 Re7 32.Rd3 Re8 33.Qd1 Ba8 34.Rd8 Kf8 35.Qd4 Ke7 36.Rxe8+ Kxe8 37.Qxb6 Qd5
38.Qd4 Qb3 39.b6 Nc3 40.Qd3 Be4 41.Bxe4 fxe4 42.Qd6 Nd5 43.Qb8+ Ke7 44.Qb7+ Ke8
45.Qa8+ Ke7 46.Qa7+ Kd8 47.b7 Qd1+ 48.Kg2 Qf3+ 49.Kh3 Qh5+ 50.Kg2 Qf3+ 51.Kg1  1/2-1/2

[Event "1st It"]
[Site "Asuncion PAR"]
[Date "2002.04.17"]
[Round "9"]
[White "Crosa,M"]
[Black "Gomez Baillo,J"]
[Result "1/2-1/2"]
[WhiteElo "2384"]
[BlackElo "2456"]

1.e4 e6 2.d4 d5 3.Nc3 Bb4 4.e5 b6 5.Qg4 Bf8 6.Bg5 Qd7 7.h4 h6 8.Be3 h5 9.Qf3 Ba6
10.Bxa6 Nxa6 11.Nge2 Nb4 12.O-O-O O-O-O 13.Bg5 Be7 14.Bxe7 Nxe7 15.Kb1 Nf5
16.a3 Nc6 17.Qd3 Kb7 18.Na2  1/2-1/2

[Event "Open"]
[Site "Dubai UAE"]
[Date "2002.04.17"]
[Round "3"]
[White "Zibaei,A"]
[Black "Dizdar,G"]
[Result "0-1"]
[WhiteElo "2127"]
[BlackElo "2523"]

1.e4 e6 2.d4 d5 3.Nc3 Bb4 4.e5 b6 5.a3 Bxc3+ 6.bxc3 Qd7 7.a4 Ba6 8.Bxa6 Nxa6
9.Qe2 Nb8 10.Nf3 Nc6 11.O-O Nge7 12.Rd1 Na5 13.Nd2 Qc6 14.Qb5 Qxb5 15.axb5 c6
16.bxc6 Nexc6 17.Ba3 O-O-O 18.Bb4 Rd7 19.Ra4 Nb7 20.Ra2 Kb8 21.Ba3 Rc8 22.Bb2 Nca5
23.Nb1 Nc4 24.Bc1 f6 25.f4 fxe5 26.fxe5 Rf7 27.Rf1 Rcf8 28.Rxf7 Rxf7 29.Na3 Nxa3
30.Bxa3 Na5 31.Ra1 Nc4 32.Bc1 a5 33.h4 h5 34.Bg5 Kb7 35.g3 Rf3 36.Kg2 Rxc3
37.Rf1 Rxc2+ 38.Kh3 a4 39.Be7 Ne3 40.Rf4 Nf5 41.Bf8 Rc8 42.Bb4 Rc4 43.Rxf5 exf5
44.e6 Kc6 45.e7 Kd7  0-1

[Event "Alushta-100"]
[Site "Alushta UKR"]
[Date "2002.04.19"]
[Round "?"]
[White "Yagupov,I"]
[Black "Firman,N"]
[Result "1-0"]
[WhiteElo "2474"]
[BlackElo "2509"]

1.e4 e6 2.d4 d5 3.Nc3 Bb4 4.e5 Ne7 5.a3 Bxc3+ 6.bxc3 c5 7.Nf3 Nbc6 8.a4 Bd7
9.Bb5 Qc7 10.O-O Na5 11.Bd3 b6 12.Ng5 h6 13.Qh5 Rf8 14.Nh3 cxd4 15.cxd4 Qc3
16.Be3 Nac6 17.Qg4 g5 18.a5 bxa5 19.Qh5 Nxd4 20.Qxh6 Nxc2 21.Bxc2 Qxc2 22.Bxg5 Qf5
23.Qf6 Qxf6 24.Bxf6 Bb5 25.Rfb1 a6 26.Ng5 Kd7 27.h4 Nc6 28.h5 Nxe5 29.Bxe5 f6
30.Nxe6 Kxe6 31.Bd4 Kf5 32.Rxa5 Kg5 33.Ra3 Kxh5 34.Rg3 f5 35.f4 Rg8 36.Bg7 Rac8
37.Rg5+ Kh4 38.Rb3 Rc1+ 39.Kh2  1-0

[Event "ch-UKR w"]
[Site "Alushta UKR"]
[Date "2002.05.05"]
[Round "3"]
[White "Doluhanova,E"]
[Black "Kononenko,T"]
[Result "1/2-1/2"]
[WhiteElo "2150"]
[BlackElo "2370"]

1.e4 e6 2.d4 d5 3.Nc3 Bb4 4.e5 Ne7 5.a3 Bxc3+ 6.bxc3 c5 7.Nf3 Qa5 8.Bd2 Nbc6
9.Bd3 f6 10.c4 Qc7 11.cxd5 exd5 12.exf6 gxf6 13.c3 c4 14.Bc2 Bg4 15.h3 Bd7
16.Nh4 O-O-O 17.Qf3 Be6 18.O-O Qd7 19.Rfe1 Rdf8 20.Re2 Rhg8 21.Kh2 Ng6 22.Nf5 Nge5
23.Qh5 Nd3 24.Ng3 f5 25.f4 Nd8 26.Qf3 Nf7 27.Bxd3 cxd3 28.Qxd3 Nd6 29.Rb1 Rg6
30.Be1 Rfg8 31.Rbb2 Qc7 32.Qf3 Rf8 33.Nh1 Rfg8 34.Ng3 Qg7 35.Nh5 Qf8 36.Ng3 Qd8
37.a4 Qc7 38.Re5 Qf7 39.Ree2 Ne4 40.Nxe4 fxe4 41.Qe3 Qd7 42.Rb5 Qg7 43.Rbb2 Qd7  1/2-1/2

[Event "ch-UKR w"]
[Site "Alushta UKR"]
[Date "2002.05.11"]
[Round "9"]
[White "Rohonyan,K"]
[Black "Kononenko,T"]
[Result "1-0"]
[WhiteElo "2227"]
[BlackElo "2370"]

1.e4 e6 2.d4 d5 3.Nc3 Bb4 4.e5 Ne7 5.a3 Bxc3+ 6.bxc3 c5 7.a4 Qa5 8.Qd2 Nbc6
9.Nf3 Bd7 10.Be2 f6 11.exf6 gxf6 12.Ba3 c4 13.O-O O-O-O 14.Rfb1 Qc7 15.a5 Kb8
16.Bc5 Nc8 17.Qh6 Rhg8 18.Qxf6 Rg6 19.Qh4 Rdg8 20.g3 R8g7 21.Re1 Nd6 22.Bxd6 Qxd6
23.Ne5 Rg5 24.Nf7 Rxf7 25.Qxg5 Qf8 26.Qe3 Qg7 27.Bf1 h5 28.h4 a6 29.Bh3 Rf6
30.Kh2 Ka8 31.Re2 Qf7 32.f4 Qh7 33.Qd2 Qg8 34.Re3 Ka7 35.Qe2 Qg6 36.Bg2 Ne7
37.Bh3 Nc6 38.Qg2 Ka8 39.Re2 Qg8 40.Qf3 Qf7 41.Qe3 Qg7 42.Qc1 Rg6 43.Rg2 Ne7
44.Rb1 Ng8 45.Qe3 Nf6 46.Qe5 Bc8 47.f5 exf5 48.Bxf5 Bxf5 49.Qxf5 Qg8 50.Rb6 Ng4+
51.Kh3 Rg7 52.Re2 Ka7 53.Rd6 Rf7 54.Qxd5 Qf8 55.Qc5+ Kb8 56.Rde6 Qxc5 57.dxc5 Rf5
58.Rg6 Rxc5 59.Rg5 Rb5 60.Rxb5 axb5 61.Kg2 Ka7 62.Re6  1-0

[Event "Capablanca Mem Premier II"]
[Site "Havana CUB"]
[Date "2002.05.15"]
[Round "9"]
[White "Herrera,I"]
[Black "Gongora,M"]
[Result "1/2-1/2"]
[WhiteElo "2474"]
[BlackElo "2408"]

1.e4 e6 2.d4 d5 3.Nc3 Bb4 4.e5 Qd7 5.Bd2 b6 6.a3 Bf8 7.h4 Ba6 8.Bxa6 Nxa6
9.h5 h6 10.Nf3 Nb8 11.Ne2 c5 12.b4 Nc6 13.c3 Nge7 14.g4 Nc8 15.Rc1 cxd4 16.Nexd4 Nxd4
17.Nxd4 b5 18.Qe2 a6 19.Nb3 Nb6 20.Na5 Rc8 21.Be3 Nc4 22.Nxc4 Rxc4 23.Bd4 Be7
24.f4 Qc6 25.O-O Bd8 26.Qe3 a5 27.Rf3 a4 28.Rcf1 g6 29.hxg6 fxg6 30.Rh3 Qd7
31.Kg2 Qf7 32.f5 gxf5 33.gxf5 Rg8+ 34.Rg3 Rxg3+ 35.Qxg3 Bg5 36.Qg4 Rc6 37.Qe2 Rc4
38.fxe6 Qg6 39.Qg4 Rc6 40.e7 Bxe7 41.Qxg6+ Rxg6+ 42.Kf3 Kd7 43.Rh1 Ke6 44.Be3 Bg5
45.Bxg5 hxg5 46.Kg4 Kxe5 47.Re1+ Kd6 48.Re8 Re6 49.Rd8+ Kc6 50.Rc8+ Kb6 51.Kxg5 d4
52.cxd4 Rd6  1/2-1/2

[Event "IHEM"]
[Site "Hamburg GER"]
[Date "2002.05.19"]
[Round "2"]
[White "Gullaksen,E"]
[Black "Farago,I"]
[Result "0-1"]
[WhiteElo "2326"]
[BlackElo "2506"]

1.e4 e6 2.d4 d5 3.Nc3 Bb4 4.e5 Ne7 5.a3 Bxc3+ 6.bxc3 c5 7.Qg4 Qc7 8.Bd3 c4
9.Be2 Nf5 10.Nf3 Qa5 11.Bd2 Nc6 12.Qh5 h6 13.g4 Nfe7 14.Ng5 Rf8 15.Nh3 Bd7
16.f4 O-O-O 17.Ng1 f5 18.g5 Rh8 19.Nf3 Be8 20.Qh3 Qa4 21.Ra2 Qb5 22.Kf2 Bg6
23.Qg3 Qa5 24.gxh6 Rxh6 25.Ng5 Nxd4 26.cxd4 Qxd2 27.Rd1 Qa5 28.c3 Rdh8 29.h3 Bh5
30.Bxh5 Rxh5 31.Rb1 b6 32.a4 Kd7 33.Rb4 R8h6 34.Ra1 Rg6 35.Qf3 Rgxg5 36.fxg5 Rxg5
37.Rb5 Qa6 38.Qh1 Ke8 39.Qb1 Kf7 40.a5 Qc8 41.Qc1 Rg6 42.axb6 axb6 43.Qf4 Qh8
44.Rh1 Nc8 45.Rbb1 Rh6 46.Rbg1 Rh4 47.Qg5 Ne7 48.Rg3 Rh5 49.Qd2 f4 50.Rg4 g5
51.h4 Nf5 52.Rhg1 Ne3 53.hxg5 Rh2+ 54.R4g2 Qh4+ 55.Kf3 Rxg2 56.Rxg2 Qh3+  0-1

[Event "Tanta Open"]
[Site "Tanta City EGY"]
[Date "2002.05.19"]
[Round "6"]
[White "De Vreugt,D"]
[Black "Georg,Ma"]
[Result "1-0"]
[WhiteElo "2457"]
[BlackElo "2279"]

1.e4 e6 2.d4 d5 3.Nc3 Bb4 4.e5 Qd7 5.h4 b6 6.h5 Ba6 7.Bxa6 Nxa6 8.Qd3 Nb8
9.h6 g6 10.Nf3 Nc6 11.Bg5 Be7 12.O-O-O O-O-O 13.Rde1 Kb7 14.Qe3 Na5 15.Bxe7 Nxe7
16.Qf4 Nec6 17.Qf6 Qe7 18.Qxe7 Nxe7 19.Nd1 c5 20.dxc5 bxc5 21.Ne3 d4 22.Ng4 Nd5
23.Ng5 Rd7 24.Rh3 Kc6 25.Rf3 c4 26.Rd1 d3 27.Nf6 dxc2 28.Rxd5 Rxd5 29.Nxd5 Kxd5
30.Rxf7 Nc6 31.Rd7+ Kc5 32.Nxe6+ Kb6 33.f4 Nb4 34.a3 Nd3+ 35.Kxc2 Ne1+ 36.Kc3 Nxg2
37.Kxc4 Ne3+ 38.Kd3 Nf5 39.Ng5 Nxh6 40.Nxh7 Nf5 41.e6 Re8 42.Ng5 a5 43.Ke4 Kc6
44.Ke5 Ne3 45.Kf6 Nc4 46.Nf7 Nxb2 47.Ne5+ Kc5 48.e7  1-0

[Event "4th Borowski GMB"]
[Site "Essen GER"]
[Date "2002.05.20"]
[Round "5"]
[White "De Gleria,F"]
[Black "Van der Wiel,J"]
[Result "1/2-1/2"]
[WhiteElo "2419"]
[BlackElo "2509"]

1.e4 e6 2.d4 d5 3.Nc3 Bb4 4.e5 b6 5.Qg4 Bf8 6.Bg5 Qd7 7.Bb5 c6 8.Ba4 a5 9.a3 Ba6
10.Nge2 Bc4 11.O-O h6 12.Bd2 Ne7 13.Rfe1 g6 14.Nd1 b5 15.Bb3 Bxb3 16.cxb3 Qa7
17.Ne3 Nd7 18.Rac1 Bg7 19.Qh4 c5 20.dxc5 Nxe5 21.Bc3 O-O 22.Red1 N7c6 23.Nd4 b4
24.Nxc6 Nxc6 25.Bxg7 Kxg7 26.Ng4 h5  1/2-1/2

[Event "Guillermo Garcia TORRE"]
[Site "Santa Clara CUB"]
[Date "2002.05.21"]
[Round "3"]
[White "Vazquez,R"]
[Black "Nogueiras,J"]
[Result "1/2-1/2"]
[WhiteElo "2442"]
[BlackElo "2534"]

1.e4 e6 2.d4 d5 3.Nc3 Bb4 4.e5 Ne7 5.a3 Bxc3+ 6.bxc3 c5 7.Qg4 Kf8 8.a4 Qc7
9.Nf3 cxd4 10.Qxd4 Nbc6  1/2-1/2